[Event "Godinn CC op"]
[Site "Skutustadir"]
[Date "2025.03.15"]
[Round "4"]
[White "Gulyas, Adam Ferenc"]
[Black "Asmundsson, Sigurbjorn"]
[Result "0-1"]
[WhiteElo "1754"]
[BlackElo "1556"]
[PlyCount "60"]
[EventDate "2025.03.13"]
[EventType "swiss"]
[EventRounds "6"]
[EventCountry "ISL"]
[SourceTitle "CB12_2025"]
[SourceDate "2025.03.19"]
[SourceVersion "1"]
[SourceVersionDate "2025.03.19"]
[SourceQuality "1"]

1. e4 c5 2. Nf3 Nc6 3. d4 e6 4. d5 Na5 5. dxe6 fxe6 6. Ne5 Nf6 7. Bg5 Be7 8. Bxf6 Bxf6 9. Qh5+ g6 10. Nxg6 hxg6 11. Qxg6+ Ke7 12. e5 Bxe5 13. Qg5+ Bf6 14. Qxc5+ Kf7 15. c3 d6 16. Qe3 Rh5 17. Be2 Re5 18. Qf3 Qb6 19. b3 Rf5 20. Qg3 Bd7 21. b4 Rg8 22. bxa5 Qxa5 23. Qh3 Rh8 24. Qd3 Rd5 25. Qf3 Bc6 26. Qe3 Re5 27. Qf4 Rh4 28. Qg3 Rhe4 29. 0-0 Rxe2 30. a4 Rg5 0-1

[Event "Godinn"]
[Site "Godinn"]
[Date "2009.02.04"]
[Round "1"]
[White "Asmundsson, Sigurbjorn"]
[Black "Isleifsson, Runar"]
[Result "0-1"]
[WhiteElo "1290"]
[BlackElo "1715"]
[PlyCount "92"]
[EventDate "2009.02.04"]
[EventType "tourn"]
[EventRounds "7"]
[EventCountry "ISL"]
[SourceTitle "EXT 2010"]
[Source "ChessBase"]
[SourceDate "2010.11.25"]
[SourceVersion "1"]
[SourceVersionDate "2010.11.25"]
[SourceQuality "1"]

1. e4 e5 2. d4 exd4 3. Qxd4 Nc6 4. Qd1 d6 5. Nc3 Nf6 6. Nf3 Bg4 7. Bg5 Be7 8. Be2 h6 9. Bh4 a6 10. h3 Bh5 11. Nd5 Nxd5 12. Qxd5 Bxf3 13. Bc4 0-0 14. Bxe7 Nxe7 15. Qd3 Bh5 16. f3 Nc6 17. 0-0-0 Ne5 18. Qc3 Qg5+ 19. Rd2 Nxc4 20. Qxc4 c6 21. Qf1 Qf4 22. Qf2 Rad8 23. Kb1 f5 24. exf5 Rfe8 25. g4 Bf7 26. Rd4 Qe5 27. Re4 Qa5 28. Rxe8+ Rxe8 29. b3 Qe5 30. f4 Qe3 31. Qxe3 Rxe3 32. g5 Rf3 33. g6 Bd5 34. Re1 Kf8 35. c4 Bxc4 36. bxc4 Rxf4 37. Re6 Rxf5 38. Rxd6 Ke7 39. Rd4 Rg5 40. Rg4 Rxg4 41. hxg4 Kf6 42. Kc2 Kxg6 43. Kd2 Kg5 44. Ke2 Kxg4 45. Kf2 Kf4 46. a4 Ke4 0-1